| 000 | 01084nam a2200289 4500 | ||
|---|---|---|---|
| 001 | 109829 | ||
| 003 | ES-MaACL | ||
| 005 | 20251011164816.0 | ||
| 007 | t| | ||
| 008 | 061121s1968 sp f 00110dspa d | ||
| 100 | 0 |
_aCorral, José del, _d1916-2011 _940714 |
|
| 245 | 1 | 3 |
_aEl Palacio de Abrantes 1652-1968 / _cJosé del Corral. |
| 260 |
_aMadrid : _bInstituto de Estudios Madrileños, _c1968. |
||
| 300 |
_a178 p., XIV p. de lám. ; _c17 cm. |
||
| 490 | 1 |
_aColección Puerta de Alcalá ; _v1 |
|
| 504 | _aReferencias bibliográficas. | ||
| 595 | _aEd. patrocinada por el Instituto Italiano de Cultura. | ||
| 600 | 1 | 7 |
_aValencia, Juan de, _d1605-1663 _2 _9152364 |
| 600 | 1 | 4 |
_aValdés, Antonio de, _dca. 1588-1660 _9172248 |
| 610 | 2 | 4 |
_aPalacio de Abrantes (Madrid) _9172247 |
| 610 | 2 | 4 |
_aIstituto Italiano di Cultura (Madrid) _95298 |
| 651 |
_aMadrid- _xEdificios, estructuras, etc. _98959 |
||
| 710 | 2 |
_aInstituto de Estudios Madrileños _94916 |
|
| 830 | 1 |
_aColección Puerta de Alcalá ; _v1 _9180896 |
|
| 852 | 4 |
_aES-MaACL _jC-3762 |
|
| 999 |
_c109829 _d109829 |
||